Personnages de Nos jours heureux - Statistiques

Statistiques générales
  • Ce quiz a été pris 130 fois
  • Le résultat moyen est 11 sur 33
Statistiques - réponses
Réponse % Correct
Caroline
78%
Vincent Rousseau
74%
Nadine
70%
Youssef
67%
Lisa
63%
Truman
62%
Camille
60%
Mimoun (le cuisinier)
58%
Charlotte
55%
Joseph
55%
Daniel
54%
Benoit Pichavent
52%
Timoty
48%
Léa
43%
Steve
41%
Dr Pierre-Emmanuel Pichavent
40%
Albert (le père de vincent)
29%
Achille (le conducteur du bus)
27%
Christine (l'intendante)
14%
Guillaume Joyadet
12%
Monique Vannier (inspectrice jeunesse et sport)
12%
Gilbert Michaud (inspecteur jeunesse et sport)
7%
Mme Marciano (mère de Steve)
7%
Le pompier
5%
M Joyadet
5%
Mme Joyadet
5%
La pizzaïolo
4%
Le conducteur du train
4%
Le médecin
4%
La monitrice d'équitation
3%
Le guide du musée de la charentaise
1%
Mme Gedaoui (La mère de Youssef)
1%
Le second medecin
0%
Aucun quiz correspondant
Distribution des résultats
% des personnes avec chaque résultat
Percentile par nombre de réponses
Votre historique - résultats
Vous n’avez pas pris ce quiz